|
|
|
|
| LEADER |
00000nam0a2200000 4500 |
| 001 |
75527 |
| 005 |
20231031090807.0 |
| 035 |
|
|
|a (RuTPU)RU\TPU\book\80537
|
| 090 |
|
|
|a 75527
|
| 100 |
|
|
|a 20050328d1979 k y0rusy50 ca
|
| 101 |
0 |
|
|a rus
|
| 102 |
|
|
|a RU
|
| 105 |
|
|
|a a z 001zy
|
| 200 |
1 |
|
|a Технический прогресс - химия - окружающая среда
|f А. П. Цыганков, О. Ф. Балацкий, В. Н. Сенин
|g Под ред. В. А. Зайцева
|
| 210 |
|
|
|a Москва
|c Химия
|d 1979
|
| 215 |
|
|
|a 295 с.
|c ил.
|
| 320 |
|
|
|a Библиогр.: с. 293-295
|
| 610 |
1 |
|
|a химические производства
|
| 610 |
1 |
|
|a отходы
|
| 610 |
1 |
|
|a обезвреживание
|
| 610 |
1 |
|
|a окружающая среда
|
| 610 |
1 |
|
|a химия
|
| 610 |
1 |
|
|a технический прогресс
|
| 610 |
1 |
|
|a ущерб
|
| 610 |
1 |
|
|a расчеты
|
| 675 |
|
|
|a 66.013.8
|v 3
|
| 700 |
|
1 |
|a Цыганков
|b А. П.
|g Александр Павлович
|
| 701 |
|
1 |
|a Балацкий
|b О. Ф.
|g Олег Федорович
|
| 701 |
|
1 |
|a Сенин
|b В. Н.
|g Владимир Николаевич
|
| 702 |
|
1 |
|a Зайцев
|b В. А.
|4 340
|
| 801 |
|
1 |
|a RU
|b 63413507
|c 20050328
|g PSBO
|
| 801 |
|
2 |
|a RU
|b 63413507
|c 20160530
|g PSBO
|
| 942 |
|
|
|c BK
|